Deadliest hurricanes - Statistics

General Stats
  • This quiz has been taken 26 times
  • The average score is 4 of 15
Answer Stats
Year Hurricane % Correct
2005 katrina
95%
2017 maria
52%
1900 galveston
48%
2012 sandy
43%
2024 helene
38%
2016 matthew
29%
1998 mitch
29%
1969 camille
24%
1979 david
14%
1960 donna
14%
1963 flora
14%
!955 janet
14%
1974 fifi
10%
1966 inez
10%
1928 okeechobee
10%
No matching quizzes found
Score Distribution
Percent of People with Each Score
Percentile by Number Answered
Your Score History
You have not taken this quiz